Cazadores y recolectores : una aproximación teórica

El artículo se centra en definir de manera teórica las características básicas de las sociedades de cazadores y recolectores. Consideramos como características básicas, siguiendo a Sahlins, su movilidad y sus restricciones en cuanto a la riqueza y la densidad poblacional, relacionándolo con la actua...

Full description

Bibliographic Details
Main Author: Arce Ruiz, Óscar
Format: Analitica de revista
Language:Spanish
Published: 2005.
Subjects:
Online Access:Acceso electrónico al documento

MARC

LEADER 00000cab a22000007a 4500
008 160309s2005 o 000 spa
952 |0 0  |1 0  |4 0  |6 RECURSO_ELECTRONICO  |7 0  |8 BAS  |9 93632  |a BC  |b BC  |c General  |d 2020-04-09  |l 0  |o RECURSO ELECTRONICO  |r 2020-04-09 00:00:00  |w 2020-04-09  |y REVA  |A 192  |B ANT 
999 |c 51051  |d 51051 
040 |a UAHC_CL  |c UAHC_CL  |d UAHC_CL 
100 |9 4609  |a Arce Ruiz, Óscar 
245 |a Cazadores y recolectores :  |b una aproximación teórica  |c Óscar Arce Ruiz. 
260 |c 2005. 
300 |a 9 p. 
500 |a En: Gazeta de Antropología. No. 21, (2005). ISSN 0214-7564. Sitio visitado (https://www.ugr.es/~pwlac/G21_22Oscar_Arce_Ruiz.pdf) el 27 de agosto de 2018. 
520 |a El artículo se centra en definir de manera teórica las características básicas de las sociedades de cazadores y recolectores. Consideramos como características básicas, siguiendo a Sahlins, su movilidad y sus restricciones en cuanto a la riqueza y la densidad poblacional, relacionándolo con la actuación de los cazadores-recolectores sobre su entorno. 
650 0 |9 425  |a Riqueza 
650 0 |9 4610  |a Cazadores - recolectores 
650 0 |9 4611  |a Densidad de población 
653 |a Sociedad primitiva 
856 |u https://www.ugr.es/~pwlac/G21_22Oscar_Arce_Ruiz.pdf  |y Acceso electrónico al documento 
900 |a RECURSO ELECTRONICO 
942 |c REVA